Film français : Le Corniaud - Statistiques

Statistiques générales
  • Ce quiz a été pris 128 fois
  • Le résultat moyen est 13 sur 25
Statistiques - réponses
Questions Réponses % Correct
Acteur jouant le rôle d'Antoine Maréchal. Bourvil
99%
Acteur jouant le rôle de Léopold Saroyan. Louis de Funès
99%
Année de sortie du film. 1965
84%
Réalisateur du film. Gérard Oury
83%
Ville du sud de l'Italie dans laquelle a été débarquée la voiture précédente. Naples
83%
Marque de voiture que Maréchal conduisit en Italie et dans le sud de la France. Cadillac
82%
Modèle de voiture complètement détruit par Léopold Saroyan et que conduisait Maréchal à Paris. 2 Chevaux
76%
Acteur et réalisateur britannique, auteur des "Temps modernes" à qui l'acteur incarnant Léopold Saroyan a rendu hommage avec cette scène de réparation de voiture. Charles Chaplin
69%
Ville dans laquelle Maréchal se vengea en faisant arrêter Saroyan et le Bègue. Carcassonne
66%
Emplacement sur la voiture où était caché le Youkounkoun, le plus gros diamant du monde. L'avertisseur
65%
Ville dans laquelle se déroule la scène finale du film. Bordeaux
58%
Poste frontière où les voitures de Maréchal et de Saroyan ont été fouillées. Menton
55%
Complétez cette réplique : "C'est pas de l'or, hein. C'est de la bonne _______". Ferraille
49%
Style de vie d'Ursula. Le naturisme
45%
Capitale du Moyen-Orient d'où partit pour les États-Unis le stock de chnouf le plus fantastique qui ait jamais transité. Beyrouth
39%
Compositeur italien de la tarantelle "la danza" au rythme efffréné de laquelle Saroyan répara la voiture (réponse #6) dans un garage de Rome. Gioachino Rossini
35%
Acteur jouant le rôle du Bègue. Venantino Venantini
35%
Compositeur de la bande originale du film. Georges Delerue
32%
Nationalité actuelle de l'actrice. Serbe
29%
Actrice jouant le rôle d'Ursula Lampenberg Schausenberger Beba Lončar
28%
Frères dialoguistes du film. Georges et André Tabet
28%
Acteur jouant le rôle du Commissaire. Jacques Ary
27%
Chanson populaire qui devait être le signal de reconnaissance entre Maréchal et Saroyan sur les remparts de la ville précédente. Plaisir d'amour
27%
Ville du même pays que la précédente où a eu lieu un casse : or, diamant, rubis, ... Baalbek
25%
Lutteur et joueur de catch qui intervenait dans la scène de la douche. Robert Duranton
25%
Aucun quiz correspondant
Distribution des résultats
% des personnes avec chaque résultat
Percentile par nombre de réponses
Votre historique - résultats
Vous n’avez pas pris ce quiz